1869 1993 1826 1474 1509 1104 1239 1889 1572 1673 1226 1994 1436 1193 1356 1741 1771 1762 1493 1258 1377 1377 1945 1591 1444 1266 1821 1370 1906 1469 1011 1485 1943 1379 1484 1437 1000 1478 1079 1461 1332 1194 1988 1410 1127 1153 1088 1923 1887 1467 1940 1231 1718 1886 1778 1321 1073 1263 1080 1955 1553 1347 1748 1673 1571 1003 1043 1450 1945 1559 1681 1832 1396 1817 1768 1684 1879 1962 1299 1260 1774 1379 1499 1578 1164 1165 1016 1600 1091 1889 1187 1179 1602 1693 1775 1772 1217 1366 1981 BCNSPRNW ULIB Ver.6.0+V

เปลี่ยนเป็นภาษาไทย

Change to English
 แสดงรายละเอียดบรรณานุกรม
  กลับหน้าหลัก

Brief Record : Get Marc (ISO 2709) : E-mail record : QR code < ปิดหน้าต่าง
LEADER : 00000nam 2200000uu 4500
001    13399124803
003     ULIB
008    160325s2000||||th 000 0 eng d
020    ^a080892186X
020    ^a0721662544
020    ^a0721682618
060    ^aW3^bD73
245 00 ^aDorland's illustrated medical dictionary /^c[WilliamAlexander Dorland]
246 30 ^aIllustrated medical dictionary
250    ^a29th ed.
260    ^aPhiladelphia :^bW.B. Saunders,^c2000
300    ^axxiii, 2088 p. :^bill. ;^c29 cm.
500    ^aSend to Single Search
650  2 ^aDictionaries, Medical
650  2 ^aReference Books, Medical
700 1  ^aDorland, W.A. Newman^q(William Alexander Newman),^d1864-1956
945    ^p350^l0^i000352
945    ^p350^l0^i000353
999    ^aเกษร โพธิ์สุวรรณ
รายการนี้ยังไม่มีแท็ก
คุณยังไม่ได้ล็อกอิน คุณสามารถมีกิจกรรมร่วมกับเว็บไซต์ได้ แต่ต้องล็อกอินก่อน ::
  ล็อกอิน

รายการสื่อสารสนเทศ

ลำดับที่ ประเภท เลขเรียก/บาร์โค้ด สถานที่ สถานะ
1. วิทยาศาสตร์การแพทย์ และสุขภาพ
หนังสือสำรอง
สถานะ=หนังสือสำรอง
W3 D73 ฉ.1 
  Barcode: 000352
ห้องสมุดวิทยาเขตสวรรค์ประชารักษ์
►หนังสือทั่วไป
บนชั้น
2. วิทยาศาสตร์การแพทย์ และสุขภาพ
วิทยาศาสตร์การแพทย์ และสุขภาพ
W3 D73 ฉ.2 
  Barcode: 000353
ห้องสมุดวิทยาเขตสวรรค์ประชารักษ์
►หนังสือทั่วไป
บนชั้น

รายการใกล้เคียง
    หัวเรื่อง [Dictionaries, Medical]
    หัวเรื่อง [Reference Books, Medical]

BibComment


ยังไม่เคยถูกคอมเมนท์

คอมเมนท์ทรัพยากรรายการนี้
  คอมเมนท์: Dorlands illustr..


 Copyright 2026. Bcnsprnw @Library